| 000 | 015550000a22003370004500 | ||
|---|---|---|---|
| 003 | EG-GICUC | ||
| 005 | 20250223025453.0 | ||
| 008 | 080928s2008 ua d f m 000 0 eng d | ||
| 040 |
_aEG-GICUC _beng _cEG-GICUC |
||
| 041 | 0 | _aEng | |
| 049 | _aDeposite | ||
| 097 | _aM.Sc | ||
| 099 | _aCai01.12.05.M.Sc.2008.Sa.E | ||
| 100 | 0 | _aSalwa Mahmoud Abdelsayed | |
| 245 | 1 | 0 |
_aEnvirnmental factors affecting antioxidant production by some microalgae / _cSalwa Mahmoud Abdelsayed ; Supervised Imam Abdo Kobbia , Zeinab Khalil Ibrahim |
| 246 | 1 | 5 | _aتأثير العوامل البيئية على انتاج مضادات الاكسدة فى بعض الطحالب الدقيقة |
| 260 |
_aCairo : _bSalwa Mahmoud Abdelsayed , _c2008 |
||
| 300 |
_a183Leaves : _bcharts ; _c30cm |
||
| 502 | _aThesis (M.Sc.) - Cairo University - Faculty Of Science - Department Of Botany (Microbiology) | ||
| 520 | _aIn this study , two green microalgae , Dunaliella bardawil and Chorella ellipsoidea , are exposed to some environmental coditions induced oxidative stresses to determine their capabilities to accumulate some important antioxidants"B - carotene , vitamin E and vitamin C" which accumulated under such conditions | ||
| 530 | _aIssued also as CD | ||
| 653 | 4 | _aChlorella | |
| 653 | 4 | _aDunatiella | |
| 653 | 4 | _aMicroalgae | |
| 700 | 0 |
_aImam Abdo Kobbia , _eSupervisor |
|
| 700 | 0 |
_aZeinab Khalil Ibrahim , _eSupervisor |
|
| 856 | _uhttp://172.23.153.220/th.pdf | ||
| 905 |
_aFatma _eCataloger |
||
| 905 |
_aNazla _eRevisor |
||
| 942 |
_2ddc _cTH |
||
| 999 |
_c13646 _d13646 |
||